| 000 | 00000nam##2200000za#4500 |
| 001 | 9.639805 |
| 003 | CaOODSP |
| 005 | 20220107134005 |
| 007 | cr ||||||||||| |
| 008 | 150407|1995||||xxc|||||o f|0| 0 fre|d |
| 040 | |aCaOODSP|bfre |
| 043 | |an-cn--- |
| 086 | 1 |aH72-21/128-1995F-PDF |
| 110 | 2 |aCentre national d'information sur la violence dans la famille (Canada) |
| 245 | 10|aViolence a l'égard des enfants : |h[ressource électronique]|bsensibilisation du personnel en milieu de travail / |c[par Flora MacLeod et Brenda Dafoe]. |
| 260 | |aOttawa - Ontario : |bSanté Canada. |cc1995. |
| 300 | |a43p.|bréférences |
| 500 | |aLe n° de catalogue (H72-21/128-1995F) et l'ISBN (0-662-99706-9) de l'édition imprimée ont été incorrectement copiés dans l'édition électronique. |
| 590 | |a12-13-Supp|b2012-04-03 |
| 720 | 1 |aMacLeod, Flora |
| 720 | 1 |aDafoe, Brenda |
| 775 | 08|tChild abuse : |w(CaOODSP)9.695672 |
| 776 | 0#|tViolence à l'égard des enfants: sensibilisation du personnel en milieu de travail : |w(CaOODSP)9.679407 |
| 856 | 40|ahttp://publications.gc.ca|qPDF|s421 Ko|uhttps://publications.gc.ca/collections/Collection/H72-21-128-1995F.pdf |